000 00617nam a2200193Ii 4500
003 JO-AjNU
008 230605s9999||||xx |||||||||||||| ||und||
040 _aJO-AjNU
_bara
_erda
_cJO-AjNU
041 _aara
050 1 4 _aTC145.D2 1977
100 3 _aداك,
_eauthor
_936237
245 0 0 _aاصول الهيدروليك الهندسي
264 3 1 _aحلب:وزارة التعليم العالي،1977
300 _a762ص
_bادلة من733-763
336 _atext
_btxt
_2rdacontent
337 _aunmediated
_bn
_2rdamedia
338 _avolume
_bnc
_2rdacarrier
650 4 _aالهيدروليك الهندسي
_936238
999 _aA15037
_c18605
_d18605